000
00325nam a2200133Ia 4500
005
20260328101520.0
008
260328s9999||||xx |||||||||||||| ||und||
100
_a
Gilardoni, Virgilio
245
0
_a
Naissance de l'art /
_c
Virgilio Gilardoni
260
_b
Clairefontaine
300
_a
75 p.
650
_a
HISTORIA
942
_c
BK
999
_c
9544
_d
9544